| 000 | 00517cam a22001457a 4500 | ||
|---|---|---|---|
| 008 | 180718b1985 xxu||||| |||| 00| 0 eng d | ||
| 082 | _aAPPPA 84-85 MAT | ||
| 100 | _aMathur, S.M. | ||
| 245 |
_aOrganisation and working of the food corporation of India with special reference to vigilance and security management _cby S.M. Mathur |
||
| 260 |
_aNew Delhi _bIndian Institute of Public Administration _c1985 |
||
| 300 | _a89p. | ||
| 650 | _aSecurity management | ||
| 650 | _aVigilance | ||
| 650 | _aFood corporation-India | ||
| 999 |
_c501388 _d501388 |
||